00499 2200169 4500245003600000020001800036250001100054100001600065650002000081005001900101260003000120041001400150084000800164300002900172500011900201336000900320 aRain Over MecArini PutrihText a979-780-525-5 aCet. 7 aArini Putri aNovel Indonesia a20231003082705 aJakartabGagasMediac2011 aIndonesia a813 aviii, 352 hlm. :c19 cm. aini cinta yang sulit. kau dan aku di takdirkan tak saling memiliki. aku tak bisa mencintaimu seperti yang aku mau. atext